All Island Country Capitals - Statistics

General Stats
  • This quiz has been taken 19 times
    8 since last reset
  • The average score is 31 of 46
Answer Stats
Hint Answer % Correct
Brunei Bandar Seri Begawan
86%
Barbados Bridgetown
86%
Cuba Havana
86%
Bahrain Manama
86%
Philippines Manila
86%
Bahamas Nassau
86%
Cyprus Nicosia
86%
Cape Verde Praia
86%
Antigua and Barbuda Saint John's
86%
Sri Lanka Sri Jayawardenepura Kotte
86%
Madagascar Antananarivo
71%
East Timor Dili
71%
Ireland Dublin
71%
Indonesia Jakarta
71%
Jamaica Kingston
71%
St. Vincent and the Grenadines Kingstown
71%
Marshall Islands Majuro
71%
Maldives Malé
71%
Comoros Moroni
71%
Haiti Port-Au-Prince
71%
Mauritius Port Louis
71%
Papua New Guinea Port Moresby
71%
Iceland Reykjavik
71%
Dominica Roseau
71%
São Tomé and Príncipe São Tomé
71%
Singapore Singapore
71%
Grenada St. George's
71%
Fiji Suva
71%
Taiwan Taipei
71%
Japan Tokyo
71%
Malta Valletta
71%
Seychelles Victoria
71%
New Zealand Wellington
71%
Samoa Apia
57%
St. Kitts and Nevis Basseterre
57%
St. Lucia Castries
57%
United Kingdom London
57%
Tonga Nuku'alofa
57%
F.S. of Micronesia Palikir
57%
Trinidad and Tobago Port of Spain
57%
Vanuatu Port Vila
57%
Kiribati Tarawa
57%
Soloman Islands Honiara
43%
Palau Ngerulmud
43%
Tuvalu Funafuti
29%
Dominican Republic Santa Domingo
0%
No matching quizzes found
Score Distribution
Percent of People with Each Score
Percentile by Number Answered
Your Score History
You have not taken this quiz since the last reset